เบญจกตัญญุตา เฉลิมพระเกียรติ พระบาทสมเด็จพระเจ้าอยู่หัว เนื่องในโอกาสพระราชพิธีมหามงคลเฉลิมพระชนมพรรษา 6 รอบ 28 กรกฎาคม 2567 / (ระเบียนเลขที่ 107408)
| 000 -LEADER | |
|---|---|
| fixed length control field | 01747nam a2200217 4500 |
| 003 - CONTROL NUMBER IDENTIFIER | |
| control field | NALT |
| 005 - DATE AND TIME OF LATEST TRANSACTION | |
| control field | 20251031134800.0 |
| 008 - FIXED-LENGTH DATA ELEMENTS--GENERAL INFORMATION | |
| fixed length control field | 251027b th ||||| |||| 00| 0 tha d |
| 040 ## - CATALOGING SOURCE | |
| Original cataloging agency | NALT |
| 050 ## - LIBRARY OF CONGRESS CALL NUMBER | |
| Classification number | DS 587 |
| Item number | ว153บ 2567 |
| 245 10 - TITLE STATEMENT | |
| Title | เบญจกตัญญุตา เฉลิมพระเกียรติ พระบาทสมเด็จพระเจ้าอยู่หัว เนื่องในโอกาสพระราชพิธีมหามงคลเฉลิมพระชนมพรรษา 6 รอบ 28 กรกฎาคม 2567 / |
| Statement of responsibility, etc. | คณะกรรมการจัดสร้างซุ้มประตูเฉลิมพระเกียรติ 72 พรรษา. |
| 260 ## - PUBLICATION, DISTRIBUTION, ETC. | |
| Place of publication, distribution, etc. | กรุงเทพฯ : |
| Name of publisher, distributor, etc. | เบอร์ด้า (ประเทศไทย), |
| Date of publication, distribution, etc. | 2568. |
| 300 ## - PHYSICAL DESCRIPTION | |
| Extent | 250 หน้า : |
| Other physical details | ภาพประกอบ ; |
| Dimensions | 33 ซม. |
| 505 2# - FORMATTED CONTENTS NOTE | |
| Formatted contents note | พระราชาผู้ทรงเปี่ยมล้นด้วยความกตัญญุตา -- 'เบญจกตัญญุตา' กาล่าดินเนอร์ -- พิธีเปิดซุ้มประตูเฉลิมพระเกียรติ 72 พรรษา -- หลอมรวมดวงใจไทยเป็นหนึ่งเดียว เทิดไท้มหาราชายอดกตัญญู. |
| 600 04 - SUBJECT ADDED ENTRY--PERSONAL NAME | |
| Personal name | วชิรเกล้าเจ้าอยู่หัว, |
| Titles and other words associated with a name | พระบาทสมเด็จพระ, |
| Dates associated with a name | 2495- |
| 9 (RLIN) | 43092 |
| 942 ## - ADDED ENTRY ELEMENTS (KOHA) | |
| Source of classification or shelving scheme | Library of Congress Classification |
| Koha item type | General Book |
| 996 ## - STAFF PROCESSING RECORDS (NALT) | |
| Staff name | jidapa.t |
| Staff type | ACQSTF |
| Acquisition or Cataloging date | 2025-10-27 |
| 996 ## - STAFF PROCESSING RECORDS (NALT) | |
| Staff name | varee.k |
| Staff type | LIBSTF |
| Acquisition or Cataloging date | 2025-10-30 |
| 996 ## - STAFF PROCESSING RECORDS (NALT) | |
| Staff name | saiphon.d |
| Staff type | CATSTF |
| Acquisition or Cataloging date | 2025-10-31 |
| 998 ## - STAFF NAME (NALT) | |
| -- | 104 |
| -- | นางสาวสายฝน ดีงาม |
| Withdrawn status | Lost status | Source of classification or shelving scheme | Damaged status | Not for loan | Collection code | Home library | Current library | Shelving location | Date acquired | Total Checkouts | Full call number | Barcode | Date last seen | Price effective from | Koha item type |
|---|---|---|---|---|---|---|---|---|---|---|---|---|---|---|---|
| Library of Congress Classification | General Book collection | National Assembly Library of Thailand | National Assembly Library of Thailand | General Book shelves | 27/10/2025 | DS 587 ว153บ 2567 | 3961215848 | 27/10/2025 | 27/10/2025 | General Book |
